000 00371nam a2200157Ia 4500
003 Ost
005 20260225132539.0
008 260225s9999||||xx |||||||||||||| ||und||
040 _cfsic
041 _afre
082 _a301.02
100 _aHenri peretz
_eAuteur
245 0 _aLes méthodes en sociologie de l'observation /
245 0 _cHenri peretz
942 _cكتاب
999 _c33374
_d33374